[Event "Reykjavik op"]
[Site "Reykjavik"]
[Date "1982.??.??"]
[Round "?"]
[White "Gurevich, Dmitry"]
[Black "Gudmundsson, Elvar"]
[Result "1-0"]
[WhiteElo "2470"]
[BlackElo "2320"]

1.d4 Nf6 2.c4 e6 3.Nc3 d5 4.Nf3 Be7 5.Bf4 O-O 6.e3 c5 7.dxc5 Bxc5 8.cxd5 Nxd5
9.Nxd5 exd5 10.Bd3 Bb4+ 11.Ke2 Be7 12.Qc2 h6 13.Rhd1 Nc6 14.a3 Be6 15.Rd2 Rc8
16.Qa4 Bf6 17.Rad1 Qb6 18.Qb5 Qxb5 19.Bxb5 Na5 20.Nd4 Bxd4 21.Rxd4 a6 22.Bd3 Nc6
23.Ra4 d4 24.Bc4 Bf5 25.Bb3 a5 26.Rc4 Be6 27.exd4 Bxc4+ 28.Bxc4 Rfd8 29.d5 Ne7
30.b3 b5 31.Bxb5 Rxd5 32.a4 Rxd1 33.Kxd1 Nd5 34.Bd2 Nb4 35.Be3 Nd5 36.Bd2 Nb4
37.Be3 Kf8 38.Bb6 Ra8 39.Kd2 Ke7 40.Bc5+ Ke6 41.Kc3 Nd5+ 42.Kd4 Ne7 43.Bc4+ Kd7
44.Bxf7 Rf8 45.Bh5 Rxf2 46.Bg4+ Kc7 47.Bf3 Nc6+ 48.Kc4 Rb2 49.Kc3 Ra2 50.Bf8 Ne5
51.Bd5 Ng4 52.Bxg7 Ne3 53.Bf3 Nxg2 54.Bxh6 Rf2 55.Be4 Nh4 56.Be3 Rf7 57.Bd5 Rd7
58.Bf4+ Kb6 59.Be4 Rf7 60.Bg5 Nf3 61.Bd8+ Ka6 62.Bd3+ Ka7 63.Bxa5 Nxh2 64.Bb4 Rc7+
65.Bc4 Nf3 66.Bd6 Rc6 67.Bf4 Rf6 68.Be3+ Kb7 69.b4 Ne5 70.Bd5+ Ka6 71.Be4 Nd7
72.Bd3+ Kb7 73.b5 Re6 74.Bd4 Nb6 75.a5 Nd5+ 76.Kc4 Nc7 77.Bf5 Nxb5 78.Kxb5 Re7
79.Bg4 Rf7 80.Bh3 Re7 81.Bg2+ Kb8 82.Bc5 Rg7 83.Be4 Rf7 84.Bg1 Rg7 85.Bf2 Re7
86.Bc6 Re6 87.Bd7 Re7 88.Bg4 Rg7 89.Bd1 Rf7 90.Bc5 Rd7 91.Bf3 Rf7 92.Be4 Rf4
93.Bd5 Rf5 94.Bc4 Rg5 95.Bd3 Rd5 96.Bc2 Rd2 97.Be4 Re2 98.Bf3 Rh2 99.Bg4 Rh4
100.Be2 Rh6 101.Bf2 Re6 102.Bc4 Rh6 103.Be3 Rh4 104.Ba2 Rh3 105.Bc5 Rh6 106.Bb1 Rh1
107.Bd3 Rd1 108.Bg6 Rd7 109.Kb6 Rb7+ 110.Ka6 Rd7 111.Be4 Rd1 112.Ba7+ Kc7
113.Bf2 Rd6+ 114.Ka7 Rd7 115.a6 Rg7 116.Bb7 Rg6 117.Ba8 Rg7 118.Bb6+ Kc8+
119.Bb7+ Kd7 120.Be3 Rg6 121.Bd4 Kc7 122.Be5+ Kd7 123.Be4 Rg5 124.Kb6 Rxe5
125.Bc6+  1-0

[Event "Rome-B"]
[Site "Rome"]
[Date "1982.??.??"]
[Round "?"]
[White "Tassi, Oliviero"]
[Black "Iannacone, Ernesto"]
[Result "1-0"]
[WhiteElo "2205"]
[BlackElo "2320"]

1.c4 e6 2.Nc3 d5 3.d4 Be7 4.Nf3 Nf6 5.Bf4 O-O 6.e3 c5 7.dxc5 Bxc5 8.Qc2 Qa5
9.a3 Nc6 10.Rd1 Be7 11.Nd2 e5 12.Bg5 d4 13.Nb3 Qd8 14.Bxf6 Bxf6 15.Be2 a5
16.O-O g6 17.f4 a4 18.Nc5 exf4 19.Nd5 Be7 20.Nxa4 fxe3 21.Nab6 Ra6 22.Nxc8 Qxc8
23.b4 Rxa3 24.b5 Bd8 25.bxc6 bxc6 26.Nf4 Bf6 27.Bd3 Kg7 28.Qe2 Ra5 29.Be4 Rd8
30.Rc1 c5 31.Qf3 Rd6 32.Nh5+  1-0

[Event "Surakarta/Denpasar"]
[Site "Surakarta"]
[Date "1982.??.??"]
[Round "1"]
[White "Browne, Walter S"]
[Black "Christiansen, Larry Mark"]
[Result "1/2-1/2"]
[WhiteElo "2585"]
[BlackElo "2585"]

1.d4 Nf6 2.Nf3 e6 3.c4 d5 4.Nc3 Be7 5.Bf4 O-O 6.e3 c5 7.dxc5 Bxc5 8.cxd5 Nxd5
9.Nxd5 exd5 10.a3 Nc6 11.Rc1 Bb6 12.Bb5 d4 13.Bxc6 bxc6 14.Nxd4 c5 15.Nb3 Qxd1+
16.Kxd1 Rd8+ 17.Ke1  1/2-1/2

[Event "Surakarta/Denpasar"]
[Site "Surakarta"]
[Date "1982.??.??"]
[Round "6"]
[White "Keene, Raymond D"]
[Black "Rodriguez Vargas, Orestes"]
[Result "1/2-1/2"]
[WhiteElo "2505"]
[BlackElo "2430"]

1.d4 d5 2.c4 e6 3.Nf3 Nf6 4.Nc3 Be7 5.Bf4 O-O 6.e3 c5 7.dxc5 Bxc5 8.cxd5 Nxd5
9.Nxd5 exd5 10.a3 Nc6 11.Bd3 Bb6 12.h3 d4 13.e4 h6 14.O-O Be6 15.Rc1 Rc8
16.Qe2  1/2-1/2

[Event "Surakarta/Denpasar"]
[Site "Surakarta"]
[Date "1982.??.??"]
[Round "8"]
[White "Maninang, Rafaelito"]
[Black "Rodriguez Vargas, Orestes"]
[Result "1/2-1/2"]
[WhiteElo "2385"]
[BlackElo "2430"]

1.c4 e6 2.Nf3 Nf6 3.d4 d5 4.Nc3 Be7 5.Bf4 O-O 6.Qc2 b6 7.cxd5 exd5 8.g3 c5
9.Rd1 Nc6 10.Bg2 Be6 11.O-O Rc8 12.Qb1 h6 13.h3 Bd6 14.Bxd6 Qxd6 15.e3  1/2-1/2

[Event "Tilburg"]
[Site "Tilburg"]
[Date "1982.??.??"]
[Round "?"]
[White "Browne, Walter S"]
[Black "Karpov, Anatoly"]
[Result "1/2-1/2"]
[WhiteElo "2590"]
[BlackElo "2700"]

1.d4 Nf6 2.c4 e6 3.Nf3 d5 4.Nc3 Be7 5.Bf4 O-O 6.e3 c5 7.dxc5 Bxc5 8.Qc2 Nc6
9.Rd1 Qa5 10.a3 Be7 11.Rd2 Rd8 12.cxd5 Nxd5 13.Nxd5 exd5 14.Bd3 h6 15.O-O Bf6
16.Qb3 Bg4 17.Rfd1 Rd7 18.h3 Bxf3 19.gxf3 d4 20.Qb5 Qxb5 21.Bxb5 Rad8 22.Kf1 Rd5
23.Bxc6 bxc6 24.e4 Rb5 25.e5 Be7 26.Rxd4 Rxd4 27.Rxd4 Rxb2 28.Ra4 Ra2 29.Rxa7 Bc5
30.Ra8+ Kh7 31.Bg3 Rxa3 32.Rc8 Rxf3 33.Rxc6 Bd4 34.Rc4 Ba1 35.Re4  1/2-1/2

[Event "JUG-ch"]
[Site "Vrbas"]
[Date "1982.??.??"]
[Round "?"]
[White "Ivkov, Borislav"]
[Black "Gligoric, Svetozar"]
[Result "1/2-1/2"]
[WhiteElo "2480"]
[BlackElo "2535"]

1.d4 Nf6 2.c4 e6 3.Nf3 d5 4.Nc3 Be7 5.Bf4 O-O 6.e3 c5 7.dxc5 Bxc5 8.a3 Nc6
9.Be2 a6 10.Qc2 Bd6 11.Bg5 dxc4 12.Bxc4 Ne5 13.Be2 Qc7 14.Rc1 Ned7 15.O-O h6
16.Bh4 Ng4 17.h3 Ngf6 18.Rfd1 Qb8 19.Ne4 Nxe4 20.Qxe4 Ne5 21.Nxe5 Bxe5 22.Be7 Re8  1/2-1/2

[Event "JUG-ch"]
[Site "Vrbas"]
[Date "1982.??.??"]
[Round "?"]
[White "Cebalo, Miso"]
[Black "Rukavina, Josip"]
[Result "1-0"]
[WhiteElo "2495"]
[BlackElo "2450"]

1.d4 d5 2.c4 e6 3.Nc3 Be7 4.Nf3 Nf6 5.Bf4 O-O 6.e3 c5 7.dxc5 Bxc5 8.cxd5 exd5
9.Be2 Nc6 10.O-O Be6 11.Ne5 Bd6 12.Nxc6 bxc6 13.Qa4 Bxf4 14.Qxf4 Qb8 15.Qxb8 Raxb8
16.b3 c5 17.Rfd1 Rfc8 18.Rac1 g6 19.f3 Kg7 20.Na4 c4 21.bxc4 dxc4 22.Nc3 Rb2
23.Kf2 Rc6 24.e4 Ra6 25.Ke3 Ra3 26.Rd2 Rb4 27.Rcc2 Nd7 28.Kd4 Nb6 29.Bd1 Na4
30.Rc1 Nb6 31.Rb1 a5 32.Rdb2 Rxb2 33.Rxb2 Nd7 34.Rb5 Nf6 35.Be2 Ne8 36.Rb6  1-0

[Event "Yerevan"]
[Site "Yerevan"]
[Date "1982.??.??"]
[Round "1"]
[White "Farago, Ivan"]
[Black "Sturua, Zurab"]
[Result "1/2-1/2"]
[WhiteElo "2485"]
[BlackElo "2440"]

1.d4 Nf6 2.c4 e6 3.Nf3 d5 4.Nc3 Be7 5.Bf4 O-O 6.e3 b6 7.cxd5 exd5 8.Bd3 c5
9.Ne5 Bb7 10.O-O Nc6 11.Qf3 cxd4 12.Nxc6 Bxc6 13.exd4 Qd7 14.Rfe1 Rfe8 15.Be5 Qg4
16.Nb5 Qxf3 17.gxf3 Rf8 18.Rac1 Bd7 19.a3 Bxb5 20.Bxb5 a6 21.Bd3 b5 22.Rc6 Rfc8
23.Rxc8+ Rxc8 24.Bf5 Ra8 25.Rc1 a5 26.Bc8 Ne8 27.Bb7 Rd8 28.Bc6 b4 29.a4 Kf8
30.b3 Rc8 31.Bf4 Bd6 32.Bxd5 Rxc1+ 33.Bxc1 Bc7 34.Be3 Ke7 35.h3 Nd6 36.Be4 Ke6
37.Kf1 Nf5 38.Ke2 g6 39.Kd3 Nxe3 40.fxe3 Bh2 41.Bb7 Bg1 42.e4 Kd7 43.Kc4 f6
44.Kb5 Bxd4 45.Kxa5 Kc7 46.Bd5 Bc3 47.Bg8 h6 48.Bf7 g5 49.Kb5 Kb7 50.Kc5 Kc7
51.Bh5 Bd2 52.Kd5 Kd7 53.Bg4+ Kc7 54.Ke6 Bc3 55.Kf7 Be5 56.Kg6 Kd8 57.Kxh6 Bc7
58.Kg6 Ke7 59.Kf5 Kf7 60.f4 Bxf4 61.h4 Be3 62.h5 Bb6 63.h6 Bd8 64.Bh5+ Kg8
65.Ke6 Kh7 66.Kd7 Kxh6 67.Bg4 Bb6 68.Kc6 Bf2 69.a5 Kg7 70.a6 Kf7 71.Kb7 Ke7
72.a7 Bxa7 73.Kxa7 Kd6 74.Kb6 Ke5 75.Bf5 Kf4 76.Kc5 g4 77.Kd4 g3 78.Bh3 Kf3
79.Kd5 Ke3 80.Bg2 Kd3 81.Ke6 Kc3 82.Kxf6 Kxb3 83.e5 Kc3 84.e6 b3 85.e7 b2
86.e8=Q b1=Q 87.Qe5+ Kd2 88.Qf4+ Kc3 89.Qc7+ Kd2 90.Qa5+ Ke2 91.Qh5+ Kf2
92.Qf3+ Kg1  1/2-1/2

[Event "Yerevan"]
[Site "Yerevan"]
[Date "1982.??.??"]
[Round "8"]
[White "Petrosian, Arshak B"]
[Black "Lputian, Smbat G"]
[Result "0-1"]
[WhiteElo "2485"]
[BlackElo "2440"]

1.d4 d5 2.c4 e6 3.Nc3 Be7 4.Nf3 Nf6 5.Bf4 O-O 6.e3 c5 7.dxc5 Bxc5 8.cxd5 Nxd5
9.Nxd5 exd5 10.Bd3 Bb4+ 11.Ke2 Nc6 12.Qc2 g6 13.Rhd1 Bg4 14.Kf1 Bxf3 15.gxf3 Qf6
16.a3 Ba5 17.Kg2 Bb6 18.Bg3 Rac8 19.Rac1 h5 20.h4 Nd4 21.Qxc8 Qxf3+ 22.Kh2 Rxc8
23.Rxc8+ Kg7 24.Rdc1 Nc6 25.Re8 Qg4 26.Bb5 Qd7 27.Ra8 Bc7 28.Rxa7 Qf5 29.Rxb7 Qxf2+  0-1

[Event "Yerevan zt"]
[Site "Yerevan"]
[Date "1982.??.??"]
[Round "9"]
[White "Agzamov, Georgy"]
[Black "Zaitsev, Igor A"]
[Result "1/2-1/2"]
[WhiteElo "2485"]
[BlackElo "2465"]

1.d4 d5 2.c4 e6 3.Nc3 Be7 4.Nf3 Nf6 5.Bf4 O-O 6.e3 c5 7.dxc5 Bxc5 8.a3 Nc6
9.Be2 dxc4 10.Bxc4 Nh5 11.Bg5 Be7 12.Qxd8 Rxd8 13.Bxe7 Nxe7 14.Ke2 Bd7 15.Ne5 Be8
16.Rhd1 Nf6 17.e4 Kf8 18.Ke3 Nc6 19.Nxc6 Bxc6 20.f4 Ke7 21.Be2 h6 22.g3 Rac8
23.Rac1 Rxd1 24.Rxd1 Ne8 25.e5 Nc7 26.Bc4 Na8 27.Rd6 Nb6 28.Bb3 Bd7 29.Rd4 Bc6
30.Rb4 h5 31.Rd4 a6 32.Rd2 Nd7 33.Bd1 f6 34.Bxh5 fxe5 35.fxe5 Nxe5 36.Be2 g5
37.Rd4 Nf7 38.h4 Nd6 39.Bd3 Rf8 40.Rg4 Rf3+ 41.Kd2 gxh4 42.gxh4 Rh3 43.Ne2 Nf5
44.Nd4 Nxd4 45.Rxd4 Rh2+ 46.Kc3 e5  1/2-1/2

[Event "Yerevan"]
[Site "Yerevan"]
[Date "1982.??.??"]
[Round "12"]
[White "Farago, Ivan"]
[Black "Eolian, Levon S"]
[Result "0-1"]
[WhiteElo "2485"]
[BlackElo "2355"]

1.d4 Nf6 2.c4 e6 3.Nf3 d5 4.Nc3 Be7 5.Bf4 O-O 6.e3 c5 7.dxc5 Bxc5 8.Qc2 Nc6
9.a3 Be7 10.Rd1 Qa5 11.Nd2 e5 12.Nb3 Qb6 13.Bg5 Bg4 14.f3 dxc4 15.Bxc4 Bh5
16.Qf2 Rfd8 17.O-O Rxd1 18.Rxd1 Rd8 19.Rc1 Rc8 20.Bxf6 Bxf6 21.Nd5 Qd8 22.Nxf6+ Qxf6
23.Bd5 Qd8 24.Rd1 Kh8 25.Qd2 Qb6 26.Bxc6 bxc6 27.Qc3 f6 28.Rd6 Be8 29.Nc5 a5
30.b3 Rb8 31.h3 Bf7 32.Kh2 h6 33.Qc2 Rd8 34.Rxd8+ Qxd8 35.Qc3 Qb6 36.e4 Kg8
37.g3 Qb5 38.Qc2 Qf1 39.Qg2 Qc1 40.Qf2 Qxa3 41.Qc2 Qa1 42.Qd2 Qf1 43.f4 exf4
44.gxf4 Qf3 45.f5 Kh7 46.Ne6 Qxe4 47.Qd7 Qe5+ 48.Kg1 Qg3+ 49.Kf1 Bh5 50.Nf8+ Kg8  0-1

[Event "OHRA"]
[Site "Amsterdam"]
[Date "1983.??.??"]
[Round "?"]
[White "De Roode, Peter"]
[Black "Van der Sterren, Paul"]
[Result "1/2-1/2"]
[WhiteElo "2250"]
[BlackElo "2445"]

1.c4 e6 2.Nc3 d5 3.d4 Nf6 4.Nf3 Be7 5.Bf4 O-O 6.e3 c5 7.dxc5 Bxc5 8.Qc2 Nc6
9.Rd1 Qa5 10.a3 Be7 11.Rd2 Rd8 12.Be2 Ne4 13.Nxe4 dxe4 14.Qxe4 e5 15.Bg3 f5
16.Qc2 e4 17.Nd4 Nxd4 18.exd4 Bg5 19.Be5 Be6 20.h4 Bh6 21.Rh3 Bxd2+ 22.Qxd2 Qxd2+
23.Kxd2 f4 24.Rb3 Rd7 25.g3 fxg3  1/2-1/2

[Event "OHRA"]
[Site "Amsterdam"]
[Date "1983.??.??"]
[Round "?"]
[White "De Roode, Peter"]
[Black "Hresc, Vladimir"]
[Result "1/2-1/2"]
[WhiteElo "2250"]
[BlackElo "2450"]

1.c4 e6 2.Nc3 d5 3.d4 Nf6 4.Nf3 Be7 5.Bf4 O-O 6.e3 c5 7.dxc5 Bxc5 8.a3 Be7
9.Be2 dxc4 10.Qc2 Nd5 11.Bxc4 Nxf4 12.exf4 Qc7 13.Bd3 h6 14.g3 Nc6 15.O-O Bd7
16.Rac1 Qa5 17.Rfd1 Rfd8 18.Qe2 Rac8 19.Nd2 Be8 20.Nc4 Qc7 21.Qe4 g6 22.Qe3 Bf6
23.Nb5 Qb8 24.Be4 Be7 25.Nc3 b5 26.Nd2 Na5 27.b4 Nc4 28.Nxc4 Rxc4 29.Bf3 Bf6
30.Rxd8 Qxd8 31.Rd1 Qc7 32.Nd5 exd5 33.Qxe8+ Kg7 34.Bxd5 Rd4 35.Rxd4 Bxd4
36.Qxb5 Qc1+ 37.Kg2 Qb2 38.Qf1 Qxa3 39.Bxf7 Qxb4 40.Ba2 Qb7+ 41.Kh3 Qc8+
42.Kg2  1/2-1/2

[Event "Banja Luka"]
[Site "Banja Luka"]
[Date "1983.??.??"]
[Round "3"]
[White "Adorjan, Andras"]
[Black "Sibarevic, Milenko"]
[Result "1/2-1/2"]
[WhiteElo "2530"]
[BlackElo "2320"]

1.d4 d5 2.c4 e6 3.Nc3 Nf6 4.Nf3 Be7 5.Bf4 O-O 6.e3 c5 7.dxc5 Bxc5 8.a3 Ne4
9.Qc2 Qa5 10.cxd5 Nxc3 11.bxc3 exd5 12.Bd3 h6 13.O-O Nc6 14.Rab1 Qd8 15.Rfd1 Qe7
16.c4 dxc4 17.Bxc4 Kh8 18.Rb5 Bg4 19.Qc3 Bxf3 20.gxf3 Rad8 21.Rxd8 Rxd8 22.Bxf7 Bxe3
23.fxe3  1/2-1/2

[Event "Bor"]
[Site "Bor"]
[Date "1983.??.??"]
[Round "6"]
[White "Kurajica, Bojan"]
[Black "Abramovic, Bosko"]
[Result "1/2-1/2"]
[WhiteElo "2525"]
[BlackElo "2480"]

1.d4 Nf6 2.Nf3 e6 3.c4 d5 4.Nc3 Be7 5.Bf4 O-O 6.e3 c5 7.dxc5 Bxc5 8.a3 Nc6
9.Be2 dxc4 10.Bxc4 Nh5 11.Qxd8 Rxd8 12.Bg5 Be7 13.Bxe7 Nxe7 14.Ne5 Nf6 15.Ke2 Bd7
16.Rhd1 Be8 17.f3 Kf8 18.e4 Nc6 19.Nxc6 Bxc6 20.Bb5 Bxb5+ 21.Nxb5 Rxd1 22.Rxd1 Ke7
23.Nd6 Rb8 24.g3 Ne8  1/2-1/2

[Event "Politicen Cup"]
[Site "Copenhagen"]
[Date "1983.??.??"]
[Round "6"]
[White "Karlsson, Lars"]
[Black "Lechtynsky, Jiri"]
[Result "1/2-1/2"]
[WhiteElo "2505"]
[BlackElo "2475"]

1.c4 Nf6 2.Nc3 e6 3.Nf3 d5 4.d4 Be7 5.Bf4 O-O 6.e3 c5 7.dxc5 Bxc5 8.Be2 Nc6
9.O-O dxc4 10.Bxc4 a6 11.Rc1 b5 12.Bd3 Nb4 13.Bb1 Qxd1 14.Rfxd1 Be7 15.Ne4 Nbd5
16.Bd6 Bxd6 17.Nxd6 Rd8 18.Nxf7 Kxf7 19.e4 Nf4 20.Rxd8 Ne2+ 21.Kf1 Nxc1 22.Ne5+ Ke7
23.Nc6+ Kf7 24.Rd1 Nxa2 25.f3 Nc3 26.bxc3 Bd7 27.Ne5+ Ke7 28.g4 Be8 29.Ke2 Rc8
30.Kd2 Nd7 31.Nxd7 Bxd7 32.e5 Bc6 33.f4 Rd8+ 34.Ke1 Rxd1+ 35.Kxd1 Bf3+ 36.Kd2 Bxg4
37.Bxh7 Kd7 38.Be4 Kc7 39.Kd3 Kb6 40.Kd4 a5  1/2-1/2

[Event "Nordic-ch"]
[Site "Esbjerg"]
[Date "1983.??.??"]
[Round "?"]
[White "Tiller, Bjorn"]
[Black "Hansen, Curt"]
[Result "1/2-1/2"]
[WhiteElo "2430"]
[BlackElo "2450"]

1.c4 e6 2.Nf3 Nf6 3.Nc3 d5 4.d4 Be7 5.Bf4 O-O 6.e3 c5 7.dxc5 Nc6 8.cxd5 exd5
9.Be2 Bxc5 10.O-O Be6 11.Rc1 Rc8 12.a3 Be7 13.Ne5 Bd6 14.Nxc6 bxc6 15.Bxd6 Qxd6
16.b4 Ra8 17.Na4 Rfb8 18.Qd4 Nd7 19.Qc3 Rc8 20.Ba6 Rc7 21.Nc5 Re8 22.Qd4 Nf6
23.Qh4 Bc8 24.Qg3 Qd8 25.Bxc8 Rxc8 26.Rfd1 h6 27.h3 Re7 28.Rd4 a5 29.Nb3 axb4
30.axb4 Ne4  1/2-1/2

[Event "Nordic-ch"]
[Site "Esbjerg"]
[Date "1983.??.??"]
[Round "?"]
[White "Forintos, Gyozo V"]
[Black "Hansen, Curt"]
[Result "0-1"]
[WhiteElo "2450"]
[BlackElo "2450"]

1.d4 Nf6 2.c4 e6 3.Nc3 d5 4.Nf3 Be7 5.Bf4 O-O 6.e3 c5 7.dxc5 Bxc5 8.a3 Nc6
9.Qc2 Qa5 10.Nd2 Be7 11.Nb3 Qb6 12.Rd1 Na5 13.Nd2 Nxc4 14.Nxc4 dxc4 15.Rd4 Nd5
16.Rxc4 Nxf4 17.exf4 Bd7 18.Bd3 g6 19.O-O Rac8 20.Rd1 Rxc4 21.Bxc4 Bc6 22.Rd2 Bf6
23.Bd3 Rd8 24.Bf1 Rxd2 25.Qxd2 Qc5 26.Bd3 Bd4 27.Kf1 a6 28.h3 b5 29.Nd1 Qd5
30.Ne3 Qd6 31.Nd1 Bb6 32.Nc3 Qd4 33.Nb1 Qd5 34.f3 Qd4 35.Ke2 Qg1 36.Nc3 Qxg2+
37.Kd1 Qxf3+ 38.Kc2 Qxh3  0-1

[Event "Gausdal Jubilee"]
[Site "Gausdal"]
[Date "1983.??.??"]
[Round "4"]
[White "Schussler, Harry"]
[Black "Nykopp, Jan Michael F"]
[Result "1-0"]
[WhiteElo "2485"]
[BlackElo "2285"]

1.d4 Nf6 2.Nf3 d5 3.c4 e6 4.Nc3 Be7 5.Bf4 O-O 6.e3 c5 7.dxc5 Bxc5 8.Qc2 Bb4
9.a3 Bxc3+ 10.Qxc3 Nc6 11.Bg5 dxc4 12.Bxc4 Ne4 13.Bxd8 Nxc3 14.Bh4 Na5 15.Bd3 Nd5
16.O-O Nb3 17.Rad1 Nc5 18.Bc4 Nf6 19.Ne5 b6 20.Rd4 h6 21.f3 g5 22.Bg3 Ba6
23.Bxa6 Nxa6 24.Nc6 Nd5 25.e4 Nf4 26.Bxf4 gxf4 27.e5 Kg7 28.Rxf4 Rfc8 29.Nd4 Nc5
30.Rd1 Rd8 31.Kf2 Nb3 32.Rg4+ Kf8 33.Ke2 Nxd4+ 34.Rgxd4 Rxd4 35.Rxd4 Rc8
36.Kd2 Rc7 37.b4 Kg7 38.g4 Kg6 39.f4 Re7 40.Rd8 Rc7 41.Kd3 Rc1 42.Rg8+ Kh7
43.Ra8 Rc7 44.f5 h5 45.h3 Kh6 46.Rg8 exf5 47.gxf5 Rc1 48.Rg3 Rf1 49.Ke4 Re1+
50.Kd5 Rd1+ 51.Kc6 Rf1 52.e6 fxe6 53.fxe6 Re1 54.Kd7 Rd1+ 55.Ke8 Re1 56.e7 Kh7
57.Rd3  1-0

[Event "Bundesliga 8283"]
[Site "Germany"]
[Date "1983.??.??"]
[Round "?"]
[White "Budde, Vladimir"]
[Black "Kavalek, Lubomir"]
[Result "1/2-1/2"]
[WhiteElo "2335"]
[BlackElo "2570"]

1.Nf3 Nf6 2.c4 e6 3.Nc3 d5 4.d4 Be7 5.Bf4 O-O 6.e3 c5 7.dxc5 Bxc5 8.Be2 Nc6
9.cxd5 exd5 10.O-O Be6 11.Qa4 Qb6 12.Qc2 Be7 13.Rad1 Rac8 14.Qb1 Bb4 15.Nb5 Ne4
16.Ng5 Nxg5 17.Bxg5 h6 18.Bf4 Rfd8 19.a3 Be7 20.Nd4 Nxd4 21.exd4 Bf6 22.Be3 Bd7
23.Rfe1 Ba4 24.Rd2 Rc6 25.g3 Bb5 26.Bf3 Rcc8 27.Kg2 Ba4 28.h4 a5 29.Rh1 Be7
30.Rc1 Rxc1 31.Qxc1 Qc6 32.Qe1 Bf6 33.Kh2 Re8 34.Re2 Bb5 35.Rd2 a4 36.Be2 Bc4
37.Rc2 b5 38.Rc1 Qd6 39.Kg2 b4 40.Ra1 bxa3 41.Rxa3 Bb3 42.Bd1 Qb6 43.Bxb3 axb3
44.Qd1 Rb8 45.Qd3 Be7 46.Ra1 Qe6 47.Bf4 Rc8 48.Qxb3 Qe4+ 49.Qf3 Qxd4 50.Rd1 Qxb2
51.Rxd5 Qf6 52.Be3 Qxf3+ 53.Kxf3  1/2-1/2

[Event "Bundesliga 8283"]
[Site "Germany"]
[Date "1983.??.??"]
[Round "?"]
[White "Schussler, Harry"]
[Black "Weidemann, Joerg"]
[Result "1-0"]
[WhiteElo "2485"]
[BlackElo "2290"]

1.d4 d5 2.Nf3 e6 3.c4 Nf6 4.Nc3 Be7 5.Bf4 O-O 6.e3 c5 7.dxc5 Bxc5 8.Qc2 Nc6
9.Rd1 Qe7 10.Bg5 dxc4 11.Bxc4 h6 12.Bh4 Bb4 13.O-O Qc5 14.Nd2 Nd7 15.a3 Qh5
16.Bg3 Bxc3 17.Qxc3 Nde5 18.Bb3 Ng4 19.Ne4 Qa5 20.Rd6 Qxc3 21.Nxc3 Na5 22.Ba2 b6
23.b4 Ba6 24.Rc1 Nb7 25.Rd4 h5 26.b5 e5 27.bxa6 Nc5 28.Rdd1  1-0

[Event "Bundesliga 8283"]
[Site "Germany"]
[Date "1983.??.??"]
[Round "?"]
[White "Bialas, Wolfram"]
[Black "Sonntag, Hans Hubert"]
[Result "1-0"]
[WhiteElo "2345"]
[BlackElo "2320"]

1.Nf3 Nf6 2.c4 e6 3.Nc3 d5 4.d4 Be7 5.Bf4 O-O 6.e3 c6 7.Qc2 Nbd7 8.Bd3 Re8
9.O-O Nf8 10.e4 dxe4 11.Nxe4 Nxe4 12.Bxe4 Bd6 13.Be5 c5 14.dxc5 Bxe5 15.Nxe5 Qd4
16.Rfe1 Qxc5 17.Rad1 f6 18.Ng4 Qc7 19.c5 Bd7 20.Ne3 Rac8 21.b4 Bc6 22.Nc4 Red8
23.Nd6 Rb8 24.Bd3 Bd5 25.Nb5 Qf4 26.a3 Ra8 27.Re3 a5 28.g3 Qb8 29.Rde1 axb4
30.axb4 Qc8 31.Bc4 Kh8 32.Bb3 Qc6 33.Nd6 Bxb3 34.Qxb3 Qc7 35.f4 g6 36.Rd3 b6
37.Red1 Rd7 38.Qc3 Kg7 39.c6 Re7 40.b5 Rd8 41.Nf5+  1-0

[Event "Bundesliga 8283"]
[Site "Germany"]
[Date "1983.??.??"]
[Round "?"]
[White "Schacht, Holger"]
[Black "Meyer, Holger"]
[Result "1/2-1/2"]
[WhiteElo "2270"]
[BlackElo "2340"]

1.d4 d5 2.c4 e6 3.Nc3 Be7 4.Nf3 Nf6 5.Bf4 O-O 6.e3 c5 7.dxc5 Bxc5 8.Be2 dxc4
9.Bxc4 Qa5 10.O-O Nc6 11.Qe2 Bb4 12.Nb5 a6 13.Bc7 b6 14.Nbd4 Nxd4 15.Nxd4 Qc5
16.a3 Qxc7 17.axb4 e5 18.Nb3 Qe7 19.Bxa6 Bxa6 20.Rxa6 Qxb4 21.Rxa8 Rxa8 22.Qc2 Rd8
23.Rd1 Rxd1+ 24.Qxd1 g6 25.h3 Kg7 26.f3 h5 27.Kf2 Qc4 28.Nd2 Qh4+ 29.Ke2 Qg5
30.Kf2 Qh4+ 31.Ke2  1/2-1/2

[Event "Bundesliga 8283"]
[Site "Germany"]
[Date "1983.??.??"]
[Round "?"]
[White "Robatsch, Karl"]
[Black "Schuh, Hubert"]
[Result "1-0"]
[WhiteElo "2420"]
[BlackElo "2310"]

1.Nf3 Nf6 2.c4 e6 3.Nc3 d5 4.d4 Be7 5.Bf4 O-O 6.e3 c5 7.dxc5 Bxc5 8.Qc2 Nc6
9.Rd1 Qa5 10.a3 Be7 11.Rd2 Rd8 12.cxd5 exd5 13.Bd3 g6 14.O-O d4 15.Nxd4 Nxd4
16.exd4 Rxd4 17.b4 Qh5 18.Ne2 Rd8 19.Bc7 Rd7 20.Rfd1 Bd6 21.Bxd6 Rxd6 22.Be4 Rxd2
23.Rxd2 Bg4 24.Bxb7 Re8 25.f3 Bd7 26.Ng3 Qe5 27.Ne4 Bf5 28.Qc3 Bxe4 29.Qxe5 Rxe5
30.fxe4 Nxe4 31.Re2 f5 32.Bxe4 fxe4 33.Kf2 a5 34.Ke3 Kf7 35.Kd4 Rh5 36.h3 Rg5
37.g4 Ke6 38.Rxe4+ Kd6 39.Kc4 axb4 40.axb4 h5 41.Rd4+ Kc6 42.Rf4 Kd6 43.h4 Re5
44.g5 Kc7 45.b5 Re1 46.Rf7+ Kb6 47.Rf6+ Kb7 48.Rxg6 Re4+ 49.Kc5 Rxh4 50.Rg7+ Kc8
51.Rh7  1-0

[Event "Gjovik"]
[Site "Gjovik"]
[Date "1983.??.??"]
[Round "?"]
[White "Adorjan, Andras"]
[Black "Karlsson, Lars"]
[Result "1/2-1/2"]
[WhiteElo "2535"]
[BlackElo "2505"]

1.c4 e6 2.Nc3 d5 3.d4 Nf6 4.Nf3 Be7 5.Bf4 O-O 6.e3 c5 7.dxc5 Bxc5 8.a3 Nc6
9.Be2 dxc4 10.Qc2 b5 11.O-O a6 12.Rad1 Qb6 13.Ng5 h6 14.Nge4 Nxe4 15.Nxe4 e5
16.Bg3 Be6 17.Bf3  1/2-1/2

[Event "Gjovik"]
[Site "Gjovik"]
[Date "1983.??.??"]
[Round "?"]
[White "Browne, Walter S"]
[Black "Ogaard, Leif"]
[Result "1-0"]
[WhiteElo "2560"]
[BlackElo "2485"]

1.d4 Nf6 2.c4 e6 3.Nf3 d5 4.Nc3 Be7 5.Bf4 O-O 6.e3 c5 7.dxc5 Bxc5 8.Qc2 Nc6
9.Rd1 Qa5 10.a3 Be7 11.Rd2 Ne4 12.Nxe4 dxe4 13.Qxe4 f5 14.Qc2 e5 15.Bg5 Bxg5
16.Nxg5 h6 17.Nf3 Rd8 18.c5 Kh8 19.Qc1 Be6 20.b4 Qa4 21.Be2 Bd5 22.O-O Bxf3
23.Rxd8+ Rxd8 24.gxf3 a5 25.b5 Ne7 26.Rd1 Rf8 27.Rd6 f4 28.e4 Qb3 29.c6 bxc6
30.bxc6 Rc8 31.c7 Kh7 32.Rd8 Qb6 33.Rxc8 Nxc8 34.Qc3 Qg6+ 35.Kf1  1-0

[Event "Gjovik"]
[Site "Gjovik"]
[Date "1983.??.??"]
[Round "?"]
[White "Adorjan, Andras"]
[Black "Helmers, Knut J"]
[Result "1/2-1/2"]
[WhiteElo "2535"]
[BlackElo "2465"]

1.c4 e6 2.Nc3 d5 3.d4 Nf6 4.Nf3 Be7 5.Bf4 O-O 6.e3 c5 7.dxc5 Bxc5 8.a3 Nc6
9.Be2 dxc4 10.Qc2 b5 11.O-O a6 12.Ng5 Bb7 13.Rad1 Qe7 14.Nge4 Nxe4 15.Nxe4 e5
16.Bg5 f6 17.Bh4  1/2-1/2

[Event "Gjovik"]
[Site "Gjovik"]
[Date "1983.??.??"]
[Round "?"]
[White "Agdestein, Simen"]
[Black "Spassky, Boris V"]
[Result "1-0"]
[WhiteElo "2400"]
[BlackElo "2605"]

1.d4 Nf6 2.c4 e6 3.Nf3 d5 4.Nc3 Be7 5.Bf4 O-O 6.e3 b6 7.Rc1 c5 8.cxd5 Nxd5
9.Nxd5 exd5 10.Bd3 Nd7 11.O-O Bb7 12.Qc2 g6 13.dxc5 bxc5 14.Rfd1 Nf6 15.Bh6 Qb6
16.Bxf8 Bxf8 17.Be2 a5 18.Nd2 a4 19.Bf3 Qe6 20.Re1 Nd7 21.e4 Ne5 22.Be2 Bh6
23.Rcd1 dxe4 24.Nxe4 Qf5 25.Bf1 Bf8 26.Qe2 Re8 27.Ng3 Qf4 28.Qc2 h5 29.Re3 c4
30.Rde1 Bc5 31.R3e2 Kg7 32.Qc1 Qg4 33.Re4 Bxe4 34.Rxe4 Qe6 35.Qg5 f5 36.Bxc4 Bxf2+
37.Kf1 Bxg3 38.Bxe6 fxe4 39.Qxg3 Rxe6 40.Qc3 Kf7 41.Qd4 Ng4 42.Qxa4 Ne3+
43.Kf2 Nf5 44.Qc4 e3+ 45.Ke2 Kf6 46.a4 Rd6 47.a5 Rd2+ 48.Ke1 Kg5 49.Qb5 Kf4
50.a6 Nd4 51.Qc4 Ke5 52.a7 Rxb2 53.Qc5+  1-0

[Event "EU-ch U20"]
[Site "Groningen"]
[Date "1983.??.??"]
[Round "12"]
[White "Arlandi, Ennio"]
[Black "Schandorff, Lars"]
[Result "1/2-1/2"]
[WhiteElo "2300"]
[BlackElo "2355"]

1.d4 d5 2.c4 e6 3.Nc3 Be7 4.Nf3 Nf6 5.Bf4 O-O 6.e3 b6 7.cxd5 exd5 8.Bd3 Bb7
9.O-O c5 10.dxc5 bxc5 11.Ne5 Nbd7 12.Re1 a6 13.Rc1 Nxe5 14.Bxe5 Re8 15.Na4 c4
16.Be2 Bb4 17.Bc3 Bd6 18.Bf3 Ne4 19.Bxe4 Rxe4 20.Bd4 Qh4 21.h3 Rae8 22.Nc3 R4e6
23.Qg4 Qxg4 24.hxg4 Bc6 25.Red1 Rb8 26.Rd2 Bb4 27.f3 f6 28.Kf2 a5 29.a3 Bxc3
30.Bxc3 a4 31.Rh1  1/2-1/2

[Event "Havana-B"]
[Site "Havana"]
[Date "1983.??.??"]
[Round "7"]
[White "Vera, Reynaldo"]
[Black "Pinal, Nelson Borges"]
[Result "1/2-1/2"]
[WhiteElo "2420"]
[BlackElo "2405"]

1.d4 d5 2.c4 e6 3.Nc3 Nf6 4.Nf3 Be7 5.Bf4 O-O 6.e3 c5 7.dxc5 Bxc5 8.cxd5 exd5
9.Be2 Nc6 10.O-O Be6 11.Rc1 Be7 12.Nd4 Rc8 13.Nxc6 Rxc6 14.Qa4 a6 15.Bf3 Rc4
16.Qd1  1/2-1/2

[Event "Helsinki"]
[Site "Helsinki"]
[Date "1983.??.??"]
[Round "2"]
[White "Pinter, Jozsef"]
[Black "Hurme, Harri M"]
[Result "0-1"]
[WhiteElo "2535"]
[BlackElo "2355"]

1.d4 d5 2.c4 e6 3.Nc3 Nf6 4.Nf3 Be7 5.Bf4 O-O 6.e3 c5 7.dxc5 Bxc5 8.Qc2 Nc6
9.a3 Re8 10.Rd1 e5 11.Bg5 d4 12.Nd5 Be7 13.Nxe7+ Qxe7 14.Be2 d3 15.Bxd3 e4
16.Be2 exf3 17.gxf3 Qe5 18.f4 Qa5+ 19.b4 Qxa3 20.Bxf6 gxf6 21.Rg1+ Kh8 22.Rd5 Qxb4+
23.Kd1 Rd8 24.Rxd8+ Nxd8 25.Qe4 Qb3+ 26.Kc1 Qc3+ 27.Kb1 Bd7 28.Bd3 f5 29.Qe7 Nc6
30.Qxd7 Rd8 31.Qxf7 Nb4  0-1